| 000 | 00536nam a22001817a 4500 | ||
|---|---|---|---|
| 005 | 20251108164730.0 | ||
| 008 | 250721s1985 xx 000 0 ara d | ||
| 082 | 1 | 4 | _a810.9/عبد |
| 100 | 1 | _aبدوي، عبده | |
| 245 | 1 | 0 | _aالأدب و روح العصر / |
| 264 | 1 |
_aالكويت : _bمنشورات ذات السلاسل، _c1985. |
|
| 300 | _a404ص | ||
| 650 | 1 | 7 | _aالأدب العربي |
| 700 | 1 | _aعبد الله، محمد حسن | |
| 700 | 1 | _aالهيب، أحمد فوزي | |
| 942 |
_2ddc _cBK |
||
| 999 |
_c12980 _d12980 |
||